FC Bayern München Squad 2018-2019 - Statistics

General Stats
  • This quiz has been taken 57 times
  • The average score is 20 of 25
Answer Stats
# Position Nation Player % Correct
1 GK Germany Manuel Neuer
98%
9 FW Poland Robert Lewandowski
96%
6 MF Spain Thiago
94%
27 DF Austria David Alaba
93%
7 FW France Franck Ribéry
93%
10 FW Netherlands Arjen Robben
91%
32 DF Germany Joshua Kimmich
91%
29 FW France Kingsley Coman
89%
25 FW Germany Thomas Müller
89%
19 FW Canada Alphonso Davies
87%
11 MF Colombia James Rodríguez
87%
17 DF Germany Jérôme Boateng
87%
5 DF Germany Mats Hummels
85%
24 MF France Corentin Tolisso
83%
8 MF Spain Javi Martínez
83%
18 MF Germany Leon Goretzka
83%
22 FW Germany Serge Gnabry
81%
26 GK Germany Sven Ulreich
80%
4 DF Germany Niklas Süle
74%
35 MF Portugal Renato Sanches
72%
13 DF Brazil Rafinha
69%
- Coach Croatia Niko Kovač
61%
2 FW Germany Sandro Wagner
48%
36 GK Germany Christian Früchtl
31%
39 GK Germany Ron-Thorben Hoffmann
31%
No matching quizzes found
Score Distribution
Percent of People with Each Score
Percentile by Number Answered
Your Score History
You have not taken this quiz